Every Marvel Movie Ever (1944-2025) - Statistics

General Stats
  • This quiz has been taken 47 times
    27 since last reset
  • The average score is 48 of 100
Answer Stats
Year Movie % Correct
1944 | 1979 | 1990 Captain America
90%
2011 Captain America: The First Avenger
90%
1977 | 2002 Spider-Man
90%
2012 The Amazing Spider-Man
90%
2003 Hulk
86%
1997 | 2008 The Incredible Hulk
86%
2008 Iron-Man
81%
2005 | 2024 Fantastic Four
76%
2012 The Avengers
76%
1994 The Fantastic Four
76%
2011 Thor
76%
2015 Ant-Man
71%
1978 | 2016 Doctor Strange
71%
2018 Black Panther
67%
2010 Iron-Man 2
67%
2013 Iron-Man 3
67%
2022 Thor: Love And Thunder
67%
2013 Thor: The Dark World
67%
2015 Avengers: Age Of Ultron
62%
2019 Avengers: Endgame
62%
2018 Avengers: Infinity War
62%
2021 Black Widow
62%
2016 Deadpool
62%
2014 Guardians Of The Galaxy
62%
2017 Thor: Ragnarok
62%
2018 Ant-Man And The Wasp
57%
2022 Black Panther: Wakanda Forever
57%
2016 Captain America: Civil War
57%
2023 Guardians Of The Galaxy: Vol. 3
57%
2000 X-Men
57%
1998 | 2024 Blade
52%
2014 Captain America: The Winter Soldier
52%
2019 Captain Marvel
52%
2003 Daredevil
52%
2018 Deadpool 2
52%
2022 Doctor Strange In The Multiverse Of Madness
52%
2007 Ghost Rider
52%
2017 Guardians Of The Galaxy: Vol. 2
52%
1986 Howard The Duck
52%
2004 Spider-Man 2
52%
2007 Spider-Man 3
52%
2019 Spider-Man: Far From Home
52%
2017 Spider-Man: Homecoming
52%
2021 Spider-Man: No Way Home
52%
2023 The Marvels
52%
2013 The Wolverine
52%
2018 Venom
52%
2023 Ant-Man And The Wasp: Quantumania
48%
2005 Elektra
48%
2021 Eternals
48%
2014 The Amazing Spider-Man 2
48%
1989 | 2004 The Punisher
48%
2024 Deadpool 3
43%
2017 Logan
43%
2021 Shang-Chi And The Legend Of The Ten Rings
43%
2024 Thunderbolts
43%
2025 Avengers: Secret Wars
38%
2024 Captain America: New World Order
33%
2024 Madame Web
33%
2023 Spider-Man: Across The Spiderverse
33%
2018 Spider-Man: Into The Spiderverse
33%
2020 The New Mutants
33%
2021 Venom: Let There Be Carnage
33%
2014 X-Men: Days Of Future Past
33%
2009 X-Men Origins: Wolverine
33%
2006 X-Men: The Last Stand
33%
2004 Blade: Trinity
29%
2023 Kraven The Hunter
29%
2024 Venom 3
29%
2003 X-Men 2
29%
2016 X-Men: Apocalypse
29%
2011 X-Men: First Class
29%
2025 Avengers: The Kang Dynasty
24%
2002 Blade II
24%
2007 Fantastic Four: Rise Of The Silver Surfer
24%
2012 Ghost Rider: Spirit Of Vengeance
24%
2005 Man-Thing
24%
2022 Morbius
24%
2008 Punisher: Warzone
24%
2019 X-Men: Dark Phoenix
24%
2024 Spider-Man: Beyond The Spiderverse
14%
1991 The Death Of The Incredible Hulk
14%
1989 The Trial Of The Incredible Hulk
14%
2015 Fant4stic
10%
2022 Guardians Of The Galaxy: The Holiday Special
10%
1998 Nick Fury: Agent Of Shield
10%
1988 The Incredible Hulk Returns
10%
2022 Werewolf By Night
10%
1980 Captain America II: Death Too Soon
5%
1996 Generation X
5%
2025 War Machine: Armor Wars
5%
1977 Return Of Incredible Hulk
0%
No matching quizzes found
Score Distribution
Percent of People with Each Score
Percentile by Number Answered
Your Score History
You have not taken this quiz since the last reset